000 00750nam a2200217 a 4500
001 40989
003 BD-RjUL
005 20211209053317.0
008 160514s1962 bg a|||| |||| 00| f ben d
035 _a(BD-RjUL)41105
040 _aBD-RjUL
_bben
_cBD-RjUL
041 _aben
082 _223
_a891.443
_bHAA 1962
100 _aহক, সৈয়দ শামসুল
_9126142
245 1 0 _aঅনুপম দিন /
_cসৈয়দ শামসুল হক
260 _aঢাকা :
_bমাওলা ব্রাদার্স,
_c১৯৬২
300 _a১৩২ পৃ. :
_bচিত্র ;
_c২১ সেমি.
650 _aবাংলা উপন্যাস
_9126143
650 _aBengali Fiction
_9126144
942 _2ddc
_cBK
999 _c40989
_d40989